| 000 | 00612nam a22002177a 4500 | ||
|---|---|---|---|
| 003 | OSt | ||
| 005 | 20160622185852.0 | ||
| 008 | 160622b xxu||||| |||| 00| 0 eng d | ||
| 020 | _a1582120358 | ||
| 040 | _cDNLM | ||
| 082 | _aQV778 A53t 2002 | ||
| 100 |
_aAllen, Loyd V. _91559 |
||
| 245 | _aThe Art, Science, and Technology of Pharmaceutical Compounding | ||
| 250 | _b2nd ed. | ||
| 260 | _aWashington D.C. APhA, 2002 | ||
| 300 | _axxvi,493p; ill: 26cm | ||
| 504 | _aAppendice, & index included | ||
| 650 |
_aPharmaceutical Compunding _99556 |
||
| 650 |
_aPharmacy Technology _99557 |
||
| 942 |
_2z _cO_SHELF |
||
| 999 |
_c4451 _d4451 |
||